Statistiken für Länder Europas

Klicken Sie hier um das Quiz zu spielen!

Allgemein

  • Dieses Quiz wurde 478 mal gespielt
    (396 seit der letzten Aktualisierung)
  • Das Durchschnittsergebnis liegt bei 43 aus 48

Antwortstatistiken

HauptstadtLand% Korrekt
BerlinDeutschland
99%
AmsterdamNiederlande
99%
HelsinkiFinnland
98%
AthenGriechenland
98%
DublinIrland
98%
OsloNorwegen
98%
LissabonPortugal
98%
BernSchweiz
98%
BrüsselBelgien
97%
KopenhagenDänemark
97%
MadridSpanien
97%
Andorra la VellaAndorra
96%
ParisFrankreich
96%
RomItalien
96%
MoskauRussland
96%
StockholmSchweden
96%
KiewUkraine
96%
BudapestUngarn
96%
LuxemburgLuxemburg
95%
WarschauPolen
95%
MonacoMonaco
94%
WienÖsterreich
94%
RigaLettland
93%
BratislavaSlowakei
93%
PragTschechien
93%
AnkaraTürkei
93%
ZagrebKroatien
92%
BukarestRumänien
92%
BelgradSerbien
92%
LjubljanaSlowenien
92%
TallinnEstland
90%
ReykjavikIsland
90%
San MarinoSan Marino
90%
MinskWeißrussland
90%
SofiaBulgarien
89%
VilniusLitauen
89%
TiranaAlbanien
88%
LondonVereinigtes Königreich
87%
VatikanstadtVatikanstadt
85%
PristinaKosovo
83%
VallettaMalta
82%
KischinauMoldawien
78%
VaduzLiechtenstein
77%
NikosiaZypern
76%
SkopjeMazedonien
75%
PodgoricaMontenegro
75%
SarajevoBosnien und Herzegowina
67%
AstanaKasachstan
50%

Verteilung der Resultate

Perzentil nach korrekt beantworteten Fragen

Anzahl Personen mit jedem Resultat

Ihre Resultats-Entwicklung

Sie haben dieses Quiz seit der letzten Aktualisierung nicht gespielt